000 00503nam a2200181Ia 4500
005 20250508161602.0
008 008 250505s9999 xx 000 0 eng d
037 _aTextual
040 _aFEDL
_beng
_cFEDL
041 _aeng
_2eng
084 _a371.335, JES
_qFEDL
100 _aJeswani K K
245 0 _aCommunication media and techniques
260 _aDelhi, India
_bCentral Institute of Education
300 _a33p.
942 _cTEXL
_h371.335, JES
999 _c1370937
_d1370937